بعيدا عن الوطن = (Record no. 2882)
[ view plain ]
| 000 -LEADER | |
|---|---|
| fixed length control field | 00762nam a2200181 ar4500 |
| 001 - CONTROL NUMBER | |
| control field | 2884 |
| 005 - DATE AND TIME OF LATEST TRANSACTION | |
| control field | 20221127090620.0 |
| 008 - FIXED-LENGTH DATA ELEMENTS--GENERAL INFORMATION | |
| fixed length control field | 120711s ii 0001p urd d |
| 082 04 - DEWEY DECIMAL CLASSIFICATION NUMBER | |
| Classification number | 891.4391 |
| Item number | ت602ب |
| 100 1# - MAIN ENTRY--PERSONAL NAME | |
| Personal name | ترين، حنيف شاه خان. |
| 245 10 - TITLE STATEMENT | |
| Title | بعيدا عن الوطن = |
| Remainder of title | Far from homeland : (مجموعة شعرية اردية) / |
| Statement of responsibility, etc. | حنيف شاه خان ترين ؛ تعريب شمس كمال انجم المدني. |
| 250 ## - EDITION STATEMENT | |
| Edition statement | ط. 1. |
| 260 ## - PUBLICATION, DISTRIBUTION, ETC. | |
| Place of publication, distribution, etc. | نيودلهي : |
| Name of publisher, distributor, etc. | ترين ببليكيشنز، |
| Date of publication, distribution, etc. | 2006. |
| 300 ## - PHYSICAL DESCRIPTION | |
| Extent | 112 ص. ؛ |
| Dimensions | 22 سم. |
| 650 #4 - SUBJECT ADDED ENTRY--TOPICAL TERM | |
| Topical term or geographic name entry element | الشعر الاردي |
| Chronological subdivision | العصر الحديث. |
| 650 #4 - SUBJECT ADDED ENTRY--TOPICAL TERM | |
| Topical term or geographic name entry element | الادب الاردي |
| Chronological subdivision | العصر الحديث. |
| 700 0# - ADDED ENTRY--PERSONAL NAME | |
| Personal name | المدني، شمس كمال انجم، |
| Relator term | مترجم. |
| Withdrawn status | Lost status | Source of classification or shelving scheme | Damaged status | Not for loan | Home library | Current library | Date acquired | Total Checkouts | Full call number | Barcode | Date last seen | Copy number | Price effective from | Koha item type |
|---|---|---|---|---|---|---|---|---|---|---|---|---|---|---|
| CENTRAL | CENTRAL | 11/27/2022 | 891.4391 ت602ب | 1000000007328 | 11/27/2022 | C1 | 11/27/2022 | Book |
